| 000 -LEADER |
| fixed length control field |
01925nam a2200169 4500 |
| 008 - FIXED-LENGTH DATA ELEMENTS--GENERAL INFORMATION |
| fixed length control field |
191122b ||||| |||| 00| 0 eng d |
| 100 ## - MAIN ENTRY--PERSONAL NAME |
| Personal name |
Cheng, Yuan (Daniel) |
| 245 ## - TITLE STATEMENT |
| Title |
Providing public services without relying heavily on government funding: How do nonprofits respond to government budget cuts? |
| 260 ## - PUBLICATION, DISTRIBUTION, ETC. (IMPRINT) |
| Name of publisher, distributor, etc |
American Review of Public Administration |
| 300 ## - PHYSICAL DESCRIPTION |
| Extent |
49(6), Aug, 2019: p.675-688. |
| 520 ## - SUMMARY, ETC. |
| Summary, etc |
Existing studies of government–nonprofit relationships have largely treated government funding as a revenue stream of nonprofit organizations. However, there is limited empirical research on how nonprofits respond to government spending changes in a public service subsector where they provide public services without relying heavily on government funding. In such public service subsectors, government spending cuts, thus, represent a reduction in governmental service provision rather than a revenue shock to nonprofits in the sector. Utilizing a unique panel data set of park-supporting nonprofits in large U.S. cities, this study examines how these nonprofits adjust financial management strategies in response to incremental and dramatic changes in the overall government spending on parks and recreation services in a city. The findings suggest that nonprofits increase fund-raising efforts and diversify revenue portfolios in response to incremental changes in the government spending environment. Facing a dramatic government budget cut on parks and recreation, nonprofits are more likely to reduce administrative expenses and spend more on programs to fill in the gap of service needs. Borrowing and using reserves seem not to be strategies nonprofits pursue in such circumstances. - Reproduced. |
| 650 ## - SUBJECT ADDED ENTRY--TOPICAL TERM |
| Topical term or geographic name as entry element |
Non profit organization |
| 9 (RLIN) |
13694 |
| 700 ## - ADDED ENTRY--PERSONAL NAME |
| Personal name |
Yang, Lang (Kate) |
| 9 (RLIN) |
13695 |
| 773 ## - HOST ITEM ENTRY |
| Main entry heading |
American Review of Public Administration |
| 906 ## - LOCAL DATA ELEMENT F, LDF (RLIN) |
| Subject DIP |
Public utilities |
| 942 ## - ADDED ENTRY ELEMENTS (KOHA) |
| Source of classification or shelving scheme |
|
| Item type |
Articles |